[Event "Moscow Open RSSU Cup 2020"]
[Site "Moscow"]
[Date "2020.01.30"]
[Round "6.3"]
[White "Savchenko, Boris"]
[Black "Lintchevski, Daniil"]
[Result "0-1"]
[WhiteElo "2573"]
[BlackElo "2536"]
[Annotator "TA"]
[PlyCount "142"]
[EventDate "2020.01.25"]
[EventType "swiss"]
[EventCountry "RUS"]
[SourceTitle "playchess.com"]
[Source "ChessBase"]
[SourceQuality "1"]

{[%evp 15,142,0,3,3,0,0,7,-8,4,-33,-2,-15,-2,-3,2,-39,13,-2,-5,-21,-14,-31,0,-70,8,-69,-60,-88,-39,-48,-58,-42,13,13,28,12,14,33,0,16,52,7,32,31,44,0,85,41,47,18,20,9,27,-25,-22,-37,0,0,0,-41,-26,-60,-66,-155,-161,-157,-152,-161,-147,-157,-143,-166,-173,-199,-188,-170,-148,-142,-143,-150,-142,-135,-66,-294,-295,-293,-261,-294,-294,-285,-224,-217,-221,-212,-197,-247,-190,-182,-182,-159,-158,-218,-218,-200,-8,-8,-8,-296,-289,-268,-268,-449,-515,-519,-454,-597,-597,-1152,-1089,-6118,-6111,-6111,-6111,-6111,-6111,-6111,-6078,-6111,-6070]} 1. d4 Nf6 2. c3 e6 3. Bf4 Nh5 4. Bc1 Nf6 5. Bf4 Nh5 6. Bd2 Nf6 7. Bg5 Be7 8. Nd2 d5 9. e3 {D00: 1 d4 d5: Unusual lines} O-O {9...c5 is the modern continuation.} 10. Bd3 b6 11. f4 {The position is equal.} Ba6 12. Bc2 Nbd7 {[#]} 13. h4 $146 ({Predecessor:} 13. Qf3 c5 14. Qh3 cxd4 15. exd4 Bb7 16. Qh4 Re8 17. g4 {½-½ (13) Laube,B (2285)-Erlacher,M (2055) Wattens 1995}) 13... c5 $36 {[%mdl 2048] Black is more active.} 14. g4 Rc8 15. a3 Bb7 (15... Ne4 $15) 16. Nh3 Ne4 {With the idea ...f6.} 17. Bxe7 $1 Qxe7 18. g5 Ng3 19. Rh2 ({White should try} 19. Rg1 $11 Nf5 20. Kf2) 19... f5 (19... cxd4 $15 20. exd4 f5) 20. gxf6 ({Only move:} 20. Kf2 $1 $11 Ne4+ 21. Nxe4 fxe4 22. Kg1) 20... Nxf6 $15 21. Bd3 Nfe4 22. Qf3 cxd4 23. exd4 Nf5 (23... h6 $15) 24. Nxe4 $11 {Neg5 is the strong threat.} dxe4 25. Bxe4 Bxe4 ({Of course not} 25... Nxh4 $6 26. Bxh7+ $1 {[%mdl 512]} Kxh7 27. Qh5+ Kg8 28. Ng5 $16) 26. Qxe4 Qxh4+ 27. Kd2 Rce8 28. Re1 h6 29. Rg1 Re7 30. Rg6 Rf6 (30... Qh5 $11 {remains equal.} 31. Rxe6 Ng3) 31. Rgg2 Nd6 32. Qc6 Ne8 33. Qf3 Rf8 34. Rg4 (34. Kc2 $142) 34... Qh5 35. Re2 Qb5 36. Kc1 Nf6 37. Re5 Qc4 38. Rg1 Nd5 39. Rge1 (39. Rg3 $15) 39... Rc7 $1 $17 40. Rxe6 {[#]} Nxc3 $1 {[%mdl 512]} 41. bxc3 Qxc3+ 42. Qxc3 Rxc3+ 43. Kd2 Rxh3 $19 {[%mdl 4096] Endgame KRR-KRR} 44. R1e3 Rh2+ 45. Kc3 Rxf4 46. Re8+ Rf8 47. R8e7 Rc8+ 48. Kd3 Rhc2 (48... a5 $17 49. d5 Rc1) 49. Re8+ $2 (49. Rxa7 $15 R2c3+ 50. Ke2) 49... Rxe8 50. Rxe8+ {KR-KR} Kf7 51. Ra8 Rc7 52. d5 Ke7 53. Kd4 Kd6 54. Rd8+ Rd7 55. Rf8 Re7 56. Rd8+ Kc7 $1 {[%cal Rc7d8]} 57. Ra8 a5 $1 58. a4 (58. Ra7+ $17 {is a better defense.} Kd6 59. Ra6) 58... h5 $1 59. Rh8 Kd6 $2 ({Better is} 59... g6 $19 60. Rh6 Rg7) 60. Rd8+ $11 Rd7 61. Rh8 $2 {[%mdl 8192]} (61. Rc8 $1 $11 {and White stays safe.}) 61... Rf7 $1 $19 62. Rd8+ {[#]} Kc7 $1 {[%cal Rc7d8]} 63. Rg8 $2 (63. Rh8 {was called for.}) 63... h4 {Black is clearly winning.} 64. Ke5 {intending d6+.} Re7+ 65. Kd4 {[#]} g5 $1 66. Rxg5 {[#]} Rh7 $1 67. Rg6 h3 68. Rc6+ Kd7 69. Rc1 h2 70. Rh1 Kd6 71. Kc4 Rh6 {Accuracy: White = 51%, Black = 68%.} 0-1

[Event "Moscow Open RSSU Cup 2020"]
[Site "Moscow"]
[Date "2020.01.30"]
[Round "6.4"]
[White "Gabrielian, Artur"]
[Black "Grachev, Boris"]
[Result "0-1"]
[WhiteElo "2465"]
[BlackElo "2614"]
[Annotator "TA"]
[PlyCount "102"]
[EventDate "2020.01.25"]
[EventType "swiss"]
[EventCountry "RUS"]
[SourceTitle "playchess.com"]
[Source "ChessBase"]
[SourceQuality "1"]

{[%evp 21,180,11,2,4,4,4,4,4,6,12,28,0,0,0,0,0,0,0,0,-11,0,0,0,0,0,0,0,0,0,0,0,0,29,11,20,0,0,0,0,0,0,-58,-48,-60,-20,-41,-36,-112,-96,-181,-120,-181,-181,-191,-189,-192,-193,-208,-204,-187,-200,-208,-203,-190,-192,-190,-175,-246,-252,-273,-272,-283,-285,-286,-286,-286,-285,-282,-280,-282,-264,-257,-214,-190,-153,-449,-221,-462,-423,-526,-357,-506,-437,-339,-471,-312,-387,-365,-185,-792,-708,-1641,-1224,-1721,-372,-1494,-1420,-698,-412,-670,-657,-726,-695,-750,-341,-406,-321,-451,-774,-778,-757,-742,-787,-749,-722,-704,-595,-615,-560,-501,-501,-488,-491,-483,-483,-480,-450,-12802,-9314,-1981,-1885,-29974,-29977,-29977,-29978,-29979,0,-29979,-29978,-29986,0,-29987,-29988,-29988,-29989,-29988,-29989,-29990,-29991,-29991,-29992]} 1. e4 c5 2. Nf3 d6 3. d4 cxd4 4. Nxd4 Nf6 5. Nc3 Bd7 6. Bg5 e6 7. Ndb5 Bxb5 8. Bxb5+ Nc6 9. Qf3 Be7 10. e5 Nd5 11. Bxc6+ bxc6 12. Bxe7 {B62: Sicilian: Richter-Rauzer: 6...e6: Unusual White 7th moves} Nxe7 13. exd6 Qxd6 14. O-O {The position is equal.} O-O 15. Rad1 {[#]} Qc5 $146 ({Predecessor:} 15... Qb4 16. b3 Nd5 17. Nb1 Qa5 18. c4 Ne7 19. Nc3 Rfd8 20. Rxd8+ Rxd8 21. Rd1 f6 {½-½ (47) Eswaran,A (2221)-Hirneise,J (2375) Veliko Gradiste 2019}) 16. Qd3 Qa5 17. a3 Rfd8 18. Qc4 h6 19. b4 Qf5 ({Wrong is} 19... Qxa3 $2 20. Ra1 $18) 20. Ne4 Rd5 21. Rfe1 Rad8 22. Rxd5 Rxd5 23. Ng3 Qf6 24. c3 Qg5 25. Ne4 Qe5 26. g3 Qc7 27. Qe2 Qd8 28. a4 Rd3 29. c4 Qd4 30. Nc5 Rd2 31. Qe3 (31. Qf1 $11 Qb2 32. Rb1) 31... Nf5 $1 $15 {[%cal Rf5e3]} 32. Qxd4 $1 Nxd4 {[%mdl 4096] Endgame KRN-KRN} 33. Re4 $1 {[#]} e5 $1 {[%mdl 512]} 34. Re3 (34. Kf1 $1 $15) (34. Rxe5 Nf3+) 34... Rc2 $17 35. Nd7 (35. Kf1 $17) 35... Rxc4 (35... f6 $19 36. b5 Rxc4) 36. b5 (36. Nxe5 $17 Rxb4 37. Ra3) 36... f6 $19 37. b6 axb6 38. Nxb6 Rb4 39. a5 Rb1+ $1 40. Kg2 Ra1 41. Nc4 Ra4 42. Rc3 Kf8 43. h4 h5 44. Rc1 (44. f3 $142) 44... Ke7 45. Rc3 Ke6 46. Rc1 c5 47. Rc3 f5 48. Rc1 e4 49. Rc3 g6 50. Rc1 Nc6 51. Rc3 Nb8 {Played: Ra4-a2} 0-1

[Event "Moscow Open RSSU Cup 2020"]
[Site "Moscow"]
[Date "2020.01.30"]
[Round "6.5"]
[White "Mokshanov, Alexey"]
[Black "Petrosyan, Manuel"]
[Result "0-1"]
[WhiteElo "2449"]
[BlackElo "2590"]
[Annotator "RC"]
[PlyCount "66"]
[EventDate "2020.01.25"]
[EventType "swiss"]
[EventCountry "RUS"]
[SourceTitle "playchess.com"]
[Source "ChessBase"]
[SourceQuality "1"]
[TimeControl "40/5400+30:1800+30"]

1. e4 {[%emt 0:00:00]} c5 {[%emt 0:00:35]} 2. Nf3 {[%emt 0:00:00]} d6 {[%emt 0:00:06]} 3. Bb5+ {[%emt 0:00:00]} Nd7 {[%emt 0:00:45]} 4. O-O {[%emt 0:00:06]} a6 {[%emt 0:00:14]} 5. Bd3 {[%emt 0:00:13]} Ngf6 {[%emt 0:00:14]} 6. c3 {[%emt 0:01:35]} b5 {[%emt 0:00:22]} 7. Bc2 {[%emt 0:00:25]} Bb7 {[%emt 0:00:14]} 8. Re1 {[%emt 0:01:16]} e5 {[%emt 0:00:45]} 9. d4 {[%emt 0:00:37]} Be7 {[%emt 0:00:13]} 10. b3 {[%emt 0:06:00]} cxd4 {[%emt 0:07:08]} 11. cxd4 {[%emt 0:00:17]} O-O {[%emt 0:05:20]} 12. Bb2 {[%emt 0:02:34]} Re8 {[%emt 0:00:25]} 13. Nbd2 {[%emt 0:14:29]} Bf8 {[%emt 0:00:19]} 14. d5 {[%emt 0:01:21]} a5 {[%emt 0:16:41]} 15. a3 {[%emt 0:01:51]} b4 {[%emt 0:12:44]} 16. axb4 {[%emt 0:10:45]} axb4 {[%emt 0:00:16]} 17. Bd3 {[%emt 0:00:42]} Nc5 {[%emt 0:02:03]} 18. Bf1 {[%emt 0:16:02]} Rxa1 {[%emt 0:10:59]} 19. Qxa1 {[%emt 0:01:36]} Qa8 {[%emt 0:00:30]} 20. Qb1 {[%emt 0:03:09]} Ba6 {[%emt 0:00:06]} 21. Ng5 {[%emt 0:03:02]} Bxf1 {[%emt 0:03:05]} 22. Rxf1 {[%emt 0:02:01]} Qa6 {[%emt 0:00:07]} 23. f3 {[%emt 0:09:40]} Qe2 {[%emt 0:05:05]} 24. Qe1 {[%emt 0:01:16]} Qd3 {[%emt 0:00:25]} 25. Nh3 {[%emt 0:00:13]} Nxb3 {[%emt 0:01:30]} 26. Nxb3 {[%emt 0:00:32]} Qxb3 {[%emt 0:00:06]} 27. Bc1 {[%emt 0:01:21]} Nd7 {[%emt 0:02:09]} 28. Bd2 {[%emt 0:00:35]} Rb8 {[%emt 0:00:11]} 29. Qb1 {[%emt 0:01:26]} Qc4 {[%emt 0:00:36]} 30. Nf2 {[%emt 0:00:23]} Nc5 {[%emt 0:00:33]} 31. Be3 {[%emt 0:00:54]} b3 {[%emt 0:04:32]} 32. Rc1 {[%emt 0:02:16]} Qe2 {[%emt 0:00:50]} 33. Re1 {[%emt 0:02:00]} Qa2 {[%emt 0:00:16]} 0-1

[Event "Moscow Open RSSU Cup 2020"]
[Site "Moscow"]
[Date "2020.01.30"]
[Round "6.6"]
[White "Afanasiev, Nikita"]
[Black "Faizrakhmanov, Ramil"]
[Result "0-1"]
[WhiteElo "2516"]
[BlackElo "2455"]
[Annotator "TA"]
[PlyCount "116"]
[EventDate "2020.01.25"]
[EventType "swiss"]
[EventCountry "RUS"]
[SourceTitle "playchess.com"]
[Source "ChessBase"]
[SourceQuality "1"]

{[%evp 10,116,7,16,14,5,10,0,0,0,0,0,0,0,25,25,56,45,70,52,69,64,58,62,68,11,30,38,31,0,0,0,0,0,0,0,0,0,24,-12,0,0,8,10,7,0,0,0,0,-46,-40,-137,-129,-174,-166,-216,-182,-172,-175,-197,-91,-96,-62,-70,-63,-152,-158,-149,-63,-178,-179,-186,-187,-200,-213,-200,-204,-272,-270,-329,-295,-365,-354,-3849,-2724,-2750,-3045,-3751,-3404,-2244,-1718,-1335,-841,-5173,-5554,-5106,-1762,-1593,-1447,-4202,-3641,-4568,-2094,-29963,-29964,-29966,-29967,-29976,-29977]} 1. c4 Nf6 2. Nf3 e6 3. g3 d5 4. Bg2 dxc4 5. Qa4+ c6 6. Qxc4 b5 {A13: English Opening: 1...e6} 7. Qb3 Bb7 8. O-O Nbd7 {The position is equal.} 9. d4 a6 10. Ne5 Nxe5 11. dxe5 Nd7 12. Nc3 Nxe5 13. Rd1 {[#]} Qc8 $146 ({Predecessor:} 13... Nd7 14. Ne4 Qb6 15. Bf4 Be7 16. Nd6+ Bxd6 17. Rxd6 O-O-O 18. Qc3 Nf6 19. Rxc6+ Bxc6 20. Bxc6 {1-0 (32) Bernard,C (2348)-Mirzoev,A (2563) Cappelle-la-Grande 2011}) 14. Bg5 {[%mdl 1024] White has compensation.} f6 15. Bf4 Nc4 16. a4 {[%cal Ra4b5]} Kf7 17. Qc2 (17. Ne4 $14) 17... Be7 18. Ne4 e5 19. Bc1 Rd8 20. Rxd8 Qxd8 21. b3 Nb6 22. Be3 Nd5 23. Bc5 g6 24. Rd1 Qc7 25. b4 bxa4 26. Bxe7 Qxe7 27. Nc5 Kg7 ({Don't go for} 27... Nxb4 $2 28. Qc4+ Nd5 29. Nxb7 $18) 28. e4 Nb6 $1 ({But not} 28... Nxb4 $2 29. Qc4 $18) 29. Qc3 Bc8 30. f4 ({White should try} 30. Bf1 $15) 30... Bg4 $17 31. Rd2 exf4 {...Qe5 is the strong threat.} 32. gxf4 Rd8 33. Rxd8 Qxd8 34. Kf2 Qd1 (34... Bc8 $19 {Threatens to win with ...a3!} 35. Kg3 Qd6) 35. h3 Qe2+ 36. Kg3 Bc8 {aiming for ...h5.} 37. Bf3 (37. e5 $15) 37... Qf1 38. Bg2 Qc4 {[#]} (38... Qg1 $17 {And now ...h5 would win.} 39. Qd3 Qe1+ 40. Kh2 Qxb4) 39. Qxc4 ({White must play} 39. Nxa4 $1 $15 {[%mdl 512]} Kf7 (39... Nxa4 40. Qxc4) 40. e5) 39... Nxc4 $19 40. Nxa4 $15 {[%mdl 4096] Endgame KBN-KBN} Ne3 41. Nc5 Nc2 42. Nd3 {[#]} Be6 $1 43. e5 Bc4 44. exf6+ Kxf6 45. Ne5 Bd5 46. Nxc6 $2 (46. Nd3) 46... Bxc6 $19 47. Bxc6 Nxb4 {KB-KN} 48. Ba4 a5 {[%cal Ba6a5,Ba5a4,Ba4a3][%mdl 32]} 49. Kf3 Nd3 50. Ke3 Nc5 51. Bb5 a4 52. Kd4 a3 53. Bc4 Ne6+ 54. Ke3 Nc7 55. Kd3 Kf5 56. Kc3 Ne6 {Black mates.} 57. Kb3 Nxf4 58. h4 h5 {Accuracy: White = 53%, Black = 85%.} 0-1

[Event "Moscow Open RSSU Cup 2020"]
[Site "Moscow"]
[Date "2020.01.30"]
[Round "6.7"]
[White "Suleymenov, Alisher"]
[Black "Triapishko, Alexandr"]
[Result "0-1"]
[WhiteElo "2382"]
[BlackElo "2510"]
[Annotator "TA"]
[PlyCount "50"]
[EventDate "2020.01.25"]
[EventType "swiss"]
[EventCountry "RUS"]
[SourceTitle "playchess.com"]
[Source "ChessBase"]
[SourceQuality "1"]

{[%evp 9,64,0,17,-3,16,5,6,10,13,11,22,9,17,10,26,0,0,0,0,0,0,0,25,-42,-35,-34,-47,-146,-116,-166,-144,-208,-185,-283,-250,-281,-248,-351,-350,-341,-340,-390,-380,-365,-345,-365,-355,-518,-512,-547,-541,-650,-622,-643,-637,-569,-535]} 1. d4 Nf6 2. c4 g6 3. Nc3 d5 4. Nf3 Bg7 5. h4 c6 6. Bg5 {D90: Grünfeld: 4 Nf3 Bg7 sidelines} h6 {6...0-0 is setting a new trend.} 7. Bxf6 Bxf6 8. e3 {The position is equal.} e6 9. Qc2 Nd7 10. O-O-O Bg7 11. Kb1 {[#]} Qe7 $146 ({Predecessor:} 11... O-O 12. cxd5 cxd5 13. Bd3 b6 14. Rc1 a6 15. Ne2 Bb7 16. Qc7 Rb8 17. Qg3 Re8 {½-½ (62) Hansen,S (2561)-Akesson,R (2462) Pattaya 2013}) 12. Bd3 dxc4 13. Bxc4 O-O 14. Ne4 c5 15. h5 {[#] aiming for hxg6.} g5 $1 16. d5 (16. Bb3 $11) 16... b5 $1 $15 {[%cal Rb5c4]} 17. d6 (17. Bxb5 $2 Rb8 $19) 17... Qd8 18. Be2 (18. Bxb5 $2 Rb8 $19) (18. Nexg5 $15 hxg5 19. h6) 18... Bb7 $17 19. Nc3 ({Avoid the trap} 19. Bxb5 $2 Rb8 $19) ({Not} 19. Nxc5 $2 Rc8 $19) 19... a6 20. Bd3 (20. Nd2 $17) 20... f5 21. Ka1 (21. Nd2 {keeps fighting.}) 21... Qf6 22. Rhe1 g4 {Threatens to win with ...b4.} 23. Ng1 (23. Nd2 $142) 23... c4 $19 ({Don't do} 23... Bxg2 24. e4 $19) 24. Bf1 Nc5 {[%cal Bd7c5,Bc5e4,Be4f2,Bf2d3][%mdl 32]} 25. Rd4 Qh4 {Played: Ra8-d8} 0-1

[Event "Moscow Open RSSU Cup 2020"]
[Site "Moscow"]
[Date "2020.01.30"]
[Round "6.8"]
[White "Lobanov, Sergei"]
[Black "Airapetian, Gor"]
[Result "1/2-1/2"]
[WhiteElo "2507"]
[BlackElo "2444"]
[Annotator "TA"]
[PlyCount "157"]
[EventDate "2020.01.25"]
[EventType "swiss"]
[EventCountry "RUS"]
[SourceTitle "playchess.com"]
[Source "ChessBase"]
[SourceQuality "1"]

{[%evp 12,157,38,38,45,50,41,38,51,35,41,40,43,18,51,54,45,18,22,1,1,1,1,0,13,15,11,0,0,0,9,3,37,32,35,9,35,37,30,-10,0,0,0,0,8,4,8,0,30,30,30,30,30,30,30,30,30,30,30,30,30,30,30,30,30,0,30,30,30,30,30,30,30,30,30,30,30,30,30,30,30,30,30,30,30,30,44,30,32,30,32,30,30,30,30,30,30,30,36,30,47,30,33,-124,59,-86,58,83,68,22,27,22,22,0,22,22,24,22,45,22,22,22,22,15,22,0,22,22,22,22,22,22,22,22,22,22,22,22,22,22,22,22,22,22,22,22,22,22]} 1. e4 c6 2. d4 d5 3. e5 Bf5 4. Nf3 e6 5. Be2 Nd7 6. O-O Bg6 7. c3 Nh6 {B12: Caro-Kann: Advance Variation} 8. Bxh6 gxh6 9. Nbd2 {[%cal Bb1d2,Bd2b3,Bb3c1,Bc1d3][%mdl 32]} Bg7 {White is slightly better.} 10. Nb3 O-O 11. Nc1 {[#]} c5 $146 ({Predecessor:} 11... f6 12. exf6 Bxf6 13. Nd3 Qc7 14. g3 Rae8 15. Re1 Bg7 16. Nh4 e5 17. Bg4 exd4 18. Nxg6 hxg6 19. cxd4 Bxd4 20. Rxe8 Rxe8 {1-0 (26) Markovic,V (2235)-Savic,N (1969) Belgrade 2011}) 12. Qd2 Rc8 13. Nd3 Qb6 14. a4 a5 15. Nf4 cxd4 16. Nxg6 hxg6 17. cxd4 Nb8 18. Rfc1 Nc6 19. h4 h5 20. Rc3 Rc7 21. Raa3 {[%cal Ba1a3,Ba3b3,Bb3b5][%mdl 32]} Qb4 22. Rab3 Qe7 $1 23. Rb5 Rfc8 24. g3 Qd8 25. Ne1 Nb4 26. Rxc7 Qxc7 27. Rc5 Qd8 {...Rxc5 is the strong threat.} 28. Rc3 Bf8 29. Bb5 Rxc3 30. bxc3 Nc6 31. Qc2 Ne7 32. Kf1 Bh6 33. Ke2 Qb6 34. Nf3 Nf5 35. Qb3 Bf8 36. Kd3 Be7 37. Ng1 Qd8 38. Nf3 Qb6 39. Qb2 Qd8 40. Qc1 Bf8 41. Kc2 Bh6 42. Qg1 Qe7 43. Qa1 Qc7 44. Bd3 Ne7 45. Qb2 Nc6 46. Kd1 Ne7 47. Ng1 Nc8 48. Ne2 Qb6 49. Qc2 {Black must now prevent Bxg6!} Ne7 50. Ng1 Qd8 51. Nf3 Kg7 52. Qb3 Qc7 53. Ne1 Kg8 54. Nc2 Nc6 55. Na3 Bf8 56. Nb5 Qb6 57. Kc2 $2 {[#]} (57. Qc2 $14 Kg7 58. Kc1) 57... Be7 $2 (57... Nxe5 $1 $17 {[%mdl 512]} 58. Be2 (58. dxe5 Qxf2+) 58... Ng4 59. Bxg4 hxg4) 58. Qb1 {[#]} (58. f4 $1 $14 {keeps the upper hand.}) 58... Na7 (58... Nxe5 $1 $17 {[%mdl 512]} 59. dxe5 Qxf2+ {[%mdl 64] Double Attack} 60. Kb3 Qxg3) 59. Nxa7 $14 Qxa7 60. Qb5 {Threatening Qe8+.} b6 61. Qe8+ Kg7 62. Qc8 Bf8 63. Qc6 Be7 64. f4 Bd8 65. Qb5 Qc7 {The position is equal.} 66. Kd2 Be7 67. Qb3 Bf8 68. Qb5 Be7 69. Qb1 Bd8 70. Qd1 Qe7 71. Qb3 Qc7 72. Kc2 Qe7 73. Be2 Qd7 74. Bf3 Qe7 75. Kd3 Kh6 76. Qb2 Qd7 77. Bd1 Qc6 78. Qb3 Kg7 79. Be2 {Accuracy: White = 87%, Black = 87%.} 1/2-1/2

[Event "Moscow Open RSSU Cup 2020"]
[Site "Moscow"]
[Date "2020.01.30"]
[Round "6.9"]
[White "Pavlov, Sergey"]
[Black "Korchmar, Vasiliy"]
[Result "1/2-1/2"]
[WhiteElo "2490"]
[BlackElo "2446"]
[Annotator "TA"]
[PlyCount "60"]
[EventDate "2020.01.25"]
[EventType "swiss"]
[EventCountry "RUS"]
[SourceTitle "playchess.com"]
[Source "ChessBase"]
[SourceQuality "1"]

{[%evp 10,60,0,-2,0,2,14,0,25,0,13,10,22,26,53,46,66,0,0,0,4,4,9,0,0,0,27,0,15,0,10,0,0,0,0,-10,0,0,0,0,0,0,0,0,0,0,0,0,0,0,0,0,50]} 1. Nf3 c5 2. c4 Nc6 3. g3 g6 4. Bg2 Bg7 5. Nc3 e6 6. e3 Nge7 {A37: Symmetrical English vs ...g6: 4 Bg2 Bg7 5 Nf3} 7. d4 d6 8. dxc5 Bxc3+ 9. bxc3 dxc5 10. Qxd8+ Nxd8 {[#]} 11. Ne5 $146 ({Predecessor:} 11. h4 b6 12. h5 Bb7 13. hxg6 fxg6 14. e4 Bxe4 15. Bg5 Ndc6 16. Rh4 Bxf3 17. Bxf3 {0-1 (44) Valli,F (2305)-Luukkonen,T (2380) Kalajoki 2015}) 11... Rb8 {[%cal Ba8b8,Bb8b7,Bb7d7,Bd7d3][%mdl 32]} 12. e4 f6 13. Nd3 (13. Ng4 $14) 13... b6 $11 14. Bf4 Rb7 $1 ({But not} 14... e5 {[#]} 15. Nxe5 $1 {[%mdl 512]} Rb7 16. Nd3 $14) 15. e5 $1 Rd7 16. exf6 Rxd3 17. fxe7 Kxe7 18. Bg5+ Ke8 {The position is equal.} 19. Be4 Rd7 20. h4 Bb7 21. Bxb7 Nxb7 22. h5 Kf7 23. Ke2 h6 24. hxg6+ Kxg6 25. Be3 h5 26. Rh4 Rhh7 27. Re4 Kf5 28. Rf4+ Kg6 29. Re4 Kf5 30. Rf4+ Ke5 {Accuracy: White = 91%, Black = 91%.} 1/2-1/2

[Event "Moscow Open RSSU Cup 2020"]
[Site "Moscow"]
[Date "2020.01.30"]
[Round "6.10"]
[White "Ivanov, Oleg V"]
[Black "Pourramezanali, Amirreza"]
[Result "1/2-1/2"]
[WhiteElo "2441"]
[BlackElo "2488"]
[Annotator "TA"]
[PlyCount "131"]
[EventDate "2020.01.25"]
[EventType "swiss"]
[EventCountry "RUS"]
[SourceTitle "playchess.com"]
[Source "ChessBase"]
[SourceQuality "1"]

{[%evp 31,131,8,22,30,4,0,6,6,4,0,14,4,8,5,0,0,10,0,0,0,0,0,26,0,3,0,0,0,0,0,0,0,0,0,0,0,14,14,14,14,14,14,14,14,14,14,14,14,14,14,60,19,26,7,8,8,146,0,0,0,0,0,0,0,0,0,0,0,0,0,0,0,0,0,0,0,0,0,0,0,0,0,0,0,0,0,0,0,0,0,0,0,0,0,0,0,0,0,0,0,0,0]} 1. e4 c6 2. d4 d5 3. Nc3 dxe4 4. Nxe4 Bf5 5. Ng3 Bg6 6. h4 h6 7. Nf3 Nd7 8. h5 Bh7 9. Bd3 Bxd3 10. Qxd3 e6 11. Bd2 Ngf6 12. O-O-O Be7 13. Ne4 Nxe4 14. Qxe4 Nf6 15. Qe2 Qd5 16. c4 Qe4 17. Qxe4 {B19: Classical Caro-Kann: 4...Bf5 main line} Nxe4 18. Be3 f5 {Nowadays more popular than 18...0-0.} 19. Nd2 Nxd2 20. Rxd2 Kf7 {[#]} 21. Rhd1 $146 ({Predecessor:} 21. Kc2) 21... Rhd8 22. f3 Rd7 23. Kc2 Rc8 24. g4 b5 25. b3 bxc4 26. bxc4 Rb8 27. Rb1 Rbd8 28. Rb3 Bf6 {[%cal Rf6d4]} 29. Rbd3 fxg4 30. fxg4 a5 31. Rd1 a4 32. R3d2 Ke7 33. Rd3 Rb8 34. Bc1 Kf7 35. Ba3 Re8 36. Bc5 e5 37. dxe5 Rxd3 38. Kxd3 Bxe5 $11 {[%mdl 4096] Endgame KRB-KRB} 39. Rb1 Kf6 40. Be3 a3 41. Rf1+ Ke6 42. Bc5 Rd8+ 43. Kc2 Bb2 (43... Rb8 $11) 44. Rf8 (44. Re1+ $16 Kf7 45. Re7+ Kf6 46. Rc7) 44... Rxf8 {The position is equal.} 45. Bxf8 {KB-KB} Kf6 46. Kb3 Kg5 47. Bxa3 Bxa3 48. Kxa3 Kxg4 49. Kb4 {[#] Hoping for a4.} Kxh5 {K3P-KPP} 50. a4 g5 51. a5 {And now a6 would win.} g4 52. a6 {a7 is the strong threat.} g3 53. a7 g2 54. a8=Q {[#] White wants to mate with Qg8.} c5+ $1 55. Kb5 g1=Q {KQ-KQ} 56. Qd5+ Kh4 57. Qe4+ Kg5 58. Qe7+ Kg6 59. Qe6+ Kg7 60. Qe5+ Kg6 61. Qd6+ Kg7 62. Qe7+ Kg6 63. Qd6+ Kg7 64. Qe5+ Kg6 65. Qe4+ Kg7 66. Qe5+ {Accuracy: White = 95%, Black = 88%.} 1/2-1/2

[Event "Moscow Open RSSU Cup 2020"]
[Site "Moscow"]
[Date "2020.01.30"]
[Round "6.11"]
[White "Golubov, Saveliy"]
[Black "Arslanov, Shamil"]
[Result "1/2-1/2"]
[WhiteElo "2469"]
[BlackElo "2400"]
[Annotator "TA"]
[PlyCount "95"]
[EventDate "2020.01.25"]
[EventType "swiss"]
[EventCountry "RUS"]
[SourceTitle "playchess.com"]
[Source "ChessBase"]
[SourceQuality "1"]

{[%evp 19,95,63,77,90,99,63,112,84,80,26,31,-15,3,14,20,22,18,-13,-6,-11,-20,-24,-25,-33,-35,-42,0,-43,-36,-129,-144,-174,-189,-380,-282,-283,-277,-270,-254,-402,-409,-444,-488,-461,-456,-429,-279,-439,-456,-831,-232,-211,-193,-300,-307,-324,-214,-210,-208,-204,-202,-236,-78,-78,-78,-78,-78,-78,-78,-76,-77,-76,35,35,53,53,53,53]} 1. d4 f5 2. h3 Nf6 3. Bf4 g6 4. Nf3 Bg7 5. e3 O-O 6. c4 d6 7. Nc3 c6 8. Be2 Qe8 9. O-O Nbd7 10. Bh2 h6 11. Qc2 {A85: Dutch Defence: 2 c4 Nf6 3 Nc3} e5 12. b4 g5 13. dxe5 {[#] White is better.} ({Reject} 13. Qxf5 e4 $11) 13... dxe5 $146 ({Predecessor:} 13... Nxe5 14. Nd4 Qg6 15. c5 dxc5 16. Bxe5 cxd4 17. exd4 Be6 18. Rfe1 Qf7 19. b5 Nd5 {1-0 (28) Sargissian,G (2675)-Miton,K (2591) Warsaw 2013}) 14. b5 ({White should play} 14. Rfd1 $16) 14... g4 $1 $11 {[%cal Rg4f3]} 15. Nd2 (15. bxc6 {feels hotter.} bxc6 16. Nh4 gxh3 17. Nxf5 Nc5 18. Nd6) 15... Nc5 (15... gxh3 {looks sharper.} 16. gxh3 f4 17. bxc6 Nc5 18. exf4 exf4 19. Bf3 bxc6 20. Rae1 Qd7) 16. hxg4 Nxg4 17. Bxg4 fxg4 18. bxc6 (18. Nb3 $5 {[%cal Rb3c5]} Ne6 19. bxc6 $11) 18... bxc6 19. Na4 Ne6 20. Ne4 Qg6 21. Rac1 h5 22. Nd6 Qg5 23. Qe4 Bd7 24. Kh1 {[#]} (24. Qd3 $1 $15) 24... h4 $1 $17 25. f4 {[#]} Qh5 $1 26. Bg1 $2 (26. f5 {was necessary.} Ng5 27. Qb1) 26... g3 27. Qf3 Qxf3 28. Rxf3 exf4 29. exf4 (29. Ne4 $142) 29... Nxf4 $19 30. Re1 c5 31. Nxc5 Bc6 {Strongly threatening ...Nxg2!} 32. Nce4 Be5 {aiming for ...Bxd6.} 33. c5 (33. Bc5 {only move.}) 33... Rab8 {Threatens to win with ...Rb2.} 34. a3 (34. Nc4 $142 Rb4 35. Nxe5 Bxe4 36. Nd7 Bxf3 37. gxf3) 34... Bxd6 $2 (34... Rb2 35. Bf2 gxf2 36. Rxf2 Nd3 {[%mdl 64] Double Attack} 37. Rxf8+ Kxf8 38. Rf1+ Nf4) 35. cxd6 Rbe8 36. Rfe3 (36. d7 $142 Bxd7 37. Bc5) 36... Re6 37. Nxg3 Rxe3 ({Less strong is} 37... Nxg2 38. Rxe6 Nxe1+ 39. Ne4 $15) ({Much less strong is} 37... Rxd6 38. Ne4 $19) 38. Rxe3 hxg3 39. Rxg3+ Kf7 40. Bd4 Ne2 $2 (40... Ke6 $19 {White must now prevent ...Nxg2.} 41. Kh2 Kxd6) 41. Rg7+ $17 {[#]} Ke6 $1 {( -> ...Rh8+)} 42. Re7+ Kd5 43. Bg7 Rg8 44. d7 Ng3+ 45. Kh2 Kd6 (45... Ne4 $17 {And now ...a6 would win.} 46. Re5+ Kd6) 46. Re8 $1 $14 {White is slightly better.} Rxe8 47. dxe8=N+ Bxe8 48. Kxg3 {Accuracy: White = 40%, Black = 61%.} 1/2-1/2